Primera poesía de Gioconda Belli y "ecriture feminine" de Helene Cixous : consideracines retros pectivas sobre la corporeidad del discurso /
Kaydedildi:
| Yazar: | |
|---|---|
| Materyal Türü: | Bilinmiyor |
| Dil: | Spanish |
| Edisyon: | 1. edición |
| Konular: | |
| Etiketler: |
Etiketle
Etiket eklenmemiş, İlk siz ekleyin!
|
MARC
| LEADER | 000000000a22000000004500 | ||
|---|---|---|---|
| 001 | 007990 | ||
| 041 | 0 | |a spa | |
| 082 | 0 | 4 | |a A861.09 |b L775v |
| 100 | 1 | |a Moyano, Pilar | |
| 245 | 1 | 0 | |a Primera poesía de Gioconda Belli y "ecriture feminine" de Helene Cixous : |b consideracines retros pectivas sobre la corporeidad del discurso / |c Pilar Moyano. |
| 250 | |a 1. edición | ||
| 650 | 4 | |a BELLI, GIOCONDA, 1948- | |
| 650 | 4 | |a LITERATURA NICARAGUENSE | |
| 650 | 4 | |a POESIA | |
| 650 | 4 | |a HISTORIA Y CRITICA | |
| 650 | 4 | |a ESCRITORAS | |
| 650 | 4 | |a MUJERES COMO AUTORAS | |
| 650 | 4 | |a LITERATURA FEMINISTA | |
| 650 | 4 | |a MUJERES EN LA LITERATURA | |
| 773 | 0 | |d Guatemala : Impreofser |t Visiones y revisiones de la Literatura Centroamericana |g (2000), páginas 177-188 | |
| 942 | |c AM | ||
| 999 | |c 15608 |d 15608 | ||
